000 00814nmm a2200277 a 4500
003 AR-BaBNM
005 20251128202959.0
008 087019s1982 ||||||||||||||000 | spa||
040 _cAR-BaBNM
100 1 _aTaravella, Ambrosio L.V.
245 1 0 _aSetenta años de servicios aeronáuticos
_bhistoria ilustrada
260 _aBuenos Aires
_bCulturales argentinas
_bPresidencia de la Nación. Secretaria de Cultura
_c1982
300 0 _a173 p.
_bil.,tablas
650 4 _aHISTORIA MILITAR
650 4 _aHISTORIA AEREA
650 4 _aHISTORIA DE LA FUERZA AEREA
650 4 _aCIENCIAS POLITICAS
650 4 _aAVIONES
650 4 _aTRANSPORTE AEREO
650 4 _aINGENIERIA AERONAUTICA
650 4 _aFUERZA AEREA
650 4 _aHISTORIA ARGENTINA
651 4 _aArgentina
942 _cBK
998 _cmariana
999 _c1352
_d1352